[Event "D-HS-MM Poznanska (FH) 2-Leipzig (Uni) 1"]
[Site "Augsburg"]
[Date "2010.10.09"]
[Round "6.1"]
[White "Schoeneberg, Manfred"]
[Black "Sikorska, Agata"]
[Result "1-0"]
[WhiteElo "2233"]
[BlackElo "2096"]
[PlyCount "119"]
[EventDate "2010.10.06"]

1. e4 c5 2. Nf3 d6 3. d4 cxd4 4. Qxd4 Nc6 5. Bb5 Bd7 6. Bxc6 Bxc6 7. Nc3 e5 8.
Qd3 Nf6 9. Bg5 Be7 10. O-O Qc7 11. Rfd1 Rd8 12. Bxf6 Bxf6 13. Nd2 O-O 14. Nc4
Be7 15. Ne3 Bg5 16. Ncd5 Qd7 17. c4 g6 18. b4 a6 19. a4 Bxd5 20. Nxd5 f5 21. b5
f4 22. f3 Kh8 23. Rdc1 Qc8 24. Qc3 Qe6 25. c5 dxc5 26. Qxc5 Rc8 27. Qb6 Qxb6+
28. Nxb6 Rxc1+ 29. Rxc1 axb5 30. axb5 Rd8 31. Rc8 Kg8 32. Kf1 Rxc8 33. Nxc8 Kf8
34. Nd6 Ke7 35. Nxb7 Kd7 36. Nc5+ Kd6 37. b6 Be7 38. b7 Kc7 39. Nd7 Kxb7 40.
Nxe5 Kc7 41. Ke2 Kd6 42. Nc4+ Ke6 43. Kd3 Bc5 44. Nd2 Bg1 45. h3 Bf2 46. Kc4
Be3 47. Nb3 g5 48. Nd4+ Ke5 49. Nf5 Bf2 50. Kb5 Kf6 51. Kc6 h5 52. Kd5 g4 53.
Nd6 gxh3 54. gxh3 Be1 55. e5+ Ke7 56. Nf5+ Kf7 57. e6+ Kf8 58. Ke5 Bd2 59. Nh4
Kg7 60. Kf5 1-0

[Event "D-HS-MM Poznanska (FH) 2-Leipzig (Uni) 1"]
[Site "Augsburg"]
[Date "2010.10.09"]
[Round "6.2"]
[White "Kaczmarek, Piotr"]
[Black "Boehlig, Heinz"]
[Result "0-1"]
[WhiteElo "1842"]
[BlackElo "2174"]
[PlyCount "46"]
[EventDate "2010.10.06"]

1. d4 Nf6 2. c4 e6 3. Nc3 Bb4 4. Qc2 c5 5. e3 Nc6 6. Nf3 O-O 7. a3 Bxc3+ 8.
bxc3 d6 9. Bd3 e5 10. O-O Re8 11. d5 e4 12. dxc6 exf3 13. gxf3 Bh3 14. cxb7 Rb8
15. Rd1 Rxb7 16. Bf1 Bxf1 17. Rxf1 Qd7 18. Qe2 Qh3 19. f4 Nh5 20. f3 Nxf4 21.
Qd2 Re6 22. Kf2 Qxh2+ 23. Ke1 Ng2+ 0-1

[Event "D-HS-MM Poznanska (FH) 2-Leipzig (Uni) 1"]
[Site "Augsburg"]
[Date "2010.10.09"]
[Round "6.3"]
[White "Pruefer, Friedbert"]
[Black "Fengier, Jakub"]
[Result "1-0"]
[WhiteElo "2080"]
[BlackElo "2002"]
[PlyCount "63"]
[EventDate "2010.10.06"]

1. d4 d5 2. c4 c6 3. Nf3 Nf6 4. Nc3 dxc4 5. e4 b5 6. e5 Nd5 7. a4 b4 8. Ne4 a5
9. Bxc4 e6 10. Bg5 Qc7 11. O-O Ba6 12. Qe2 h6 13. Bh4 Nf4 14. Qc2 Ng6 15. Bg3
Be7 16. Nd6+ Kf8 17. Nxf7 Bxc4 18. Nxh8 Nxh8 19. Qxc4 Qd7 20. Rac1 Nf7 21. Nh4
Nd8 22. f4 Na6 23. Ng6+ Kg8 24. Nxe7+ Qxe7 25. f5 Nc7 26. f6 Qf7 27. fxg7 Qxg7
28. Bh4 Qd7 29. Rf3 Nd5 30. Rcf1 Rc8 31. Rf8+ Kg7 32. Qd3 1-0

[Event "D-HS-MM Poznanska (FH) 2-Leipzig (Uni) 1"]
[Site "Augsburg"]
[Date "2010.10.09"]
[Round "6.4"]
[White "Sobierska, Wioletta"]
[Black "Kalies, Grit"]
[Result "1-0"]
[WhiteElo "1986"]
[BlackElo "1935"]
[PlyCount "75"]
[EventDate "2010.10.06"]

1. e4 d6 2. d4 Nf6 3. Nc3 g6 4. Bg5 Bg7 5. Qd2 c6 6. Nf3 b5 7. a3 h6 8. Bf4 Bg4
9. Be2 Nfd7 10. e5 d5 11. h3 Be6 12. O-O Nb6 13. b3 N8d7 14. Bd3 Qc7 15. Ne2 a6
16. Be3 g5 17. Ng3 O-O-O 18. a4 Kb7 19. a5 Nc8 20. c4 Na7 21. Rfc1 f6 22. Bf5
Nf8 23. cxd5 Bxd5 24. Ne4 Bxe4 25. Bxe4 e6 26. exf6 Bxf6 27. Qb4 Qd6 28. Qxd6
Rxd6 29. Ne5 Rg8 30. Rc2 Rg7 31. Rac1 Rc7 32. Bf3 Nh7 33. Nd3 Nc8 34. Nc5+ Ka7
35. Ne4 Rdd7 36. d5+ Ka8 37. dxe6 Re7 38. Rxc6 1-0

[Event "D-HS-MM Augsburg (Uni) 2-Muenster (Uni) 1"]
[Site "Augsburg"]
[Date "2010.10.09"]
[Round "6.1"]
[White "Werner, Daniel"]
[Black "Buehler, Florian"]
[Result "1-0"]
[WhiteElo "2091"]
[BlackElo "1989"]
[PlyCount "65"]
[EventDate "2010.10.06"]

1. e4 g6 2. d4 Bg7 3. Nc3 d6 4. Be3 Nc6 5. f4 Nh6 6. d5 Ng4 7. Bc1 Nb8 8. h3
Nf6 9. Nf3 O-O 10. Be3 c6 11. dxc6 Nxc6 12. Bc4 Qa5 13. O-O Qb4 14. Qd3 Qa5 15.
a3 Qh5 16. Rae1 Bxh3 17. gxh3 Qxh3 18. Kf2 e5 19. Ke2 Nh5 20. f5 Ng3+ 21. Kd2
Nxf1+ 22. Rxf1 Rac8 23. Ng5 Qg2+ 24. Rf2 Qg3 25. Nxf7 Rc7 26. Ne2 Qh4 27. Ng5+
Kh8 28. Ne6 Rcc8 29. Rg2 Rfe8 30. Nxg7 Kxg7 31. Bg5 Qh1 32. f6+ Kh8 33. f7 1-0

[Event "D-HS-MM Augsburg (Uni) 2-Muenster (Uni) 1"]
[Site "Augsburg"]
[Date "2010.10.09"]
[Round "6.2"]
[White "Giannino, Domenico"]
[Black "Rehfeldt, Frank"]
[Result "0-1"]
[WhiteElo "1943"]
[BlackElo "2037"]
[PlyCount "46"]
[EventDate "2010.10.06"]

1. e4 c6 2. d4 d5 3. Nc3 dxe4 4. Nxe4 Bf5 5. Ng3 Bg6 6. h4 h6 7. N1e2 Nf6 8.
Nf4 Bh7 9. Bc4 e6 10. Qe2 Qe7 11. Ngh5 Nxh5 12. Nxh5 Nd7 13. Bd2 Nf6 14. O-O-O
O-O-O 15. Bf4 Nd5 16. Bg3 Qd7 17. Qe5 Bd6 18. Qxg7 Rdg8 19. Qxh6 Bg6 20. Qd2
Bxh5 21. Bxd5 Bxd1 22. Bxd6 Qxd6 23. Rxd1 Qxd5 0-1

[Event "D-HS-MM Augsburg (Uni) 2-Muenster (Uni) 1"]
[Site "Augsburg"]
[Date "2010.10.09"]
[Round "6.3"]
[White "Herud, Martin"]
[Black "Reuther, Georg"]
[Result "0-1"]
[WhiteElo "1951"]
[BlackElo "1782"]
[PlyCount "66"]
[EventDate "2010.10.06"]

1. e4 c6 2. d4 d5 3. exd5 cxd5 4. c4 Nf6 5. Nc3 e6 6. Nf3 Bb4 7. cxd5 Nxd5 8.
Bd2 Nc6 9. Bd3 O-O 10. O-O Be7 11. Rc1 Bf6 12. Be3 Bd7 13. Bb1 Rc8 14. Ne4 Be7
15. a3 f5 16. Nc3 Bf6 17. Re1 Be8 18. Ba2 Bf7 19. Nxd5 exd5 20. Qd2 Re8 21. Ng5
Rxe3 22. Qxe3 Bxg5 23. f4 Bf6 24. Red1 Qb6 25. Rc5 Re8 26. Qc3 Qd8 27. Bb1 g6
28. b4 Qe7 29. h3 Bxd4+ 30. Rxd4 Nxd4 31. Qxd4 Qe1+ 32. Kh2 Qxb1 33. Rc7 Qe4
0-1

[Event "D-HS-MM Augsburg (Uni) 2-Muenster (Uni) 1"]
[Site "Augsburg"]
[Date "2010.10.09"]
[Round "6.4"]
[White "Schaad, Simon Ulrich Maria"]
[Black "Webner, Dennis"]
[Result "1/2-1/2"]
[WhiteElo "1549"]
[BlackElo "1895"]
[PlyCount "40"]
[EventDate "2010.10.06"]

1. d4 d5 2. e4 c6 3. Nc3 dxe4 4. f3 e5 5. dxe5 Qxd1+ 6. Kxd1 exf3 7. Nxf3 Bg4
8. h3 Bh5 9. Bd3 Bb4 10. Ne4 Nd7 11. g4 Bg6 12. c3 Be7 13. Be3 O-O-O 14. Kc2
Bxe4 15. Bxe4 Bc5 16. Rhe1 h6 17. b4 Bxe3 18. Rxe3 Ne7 19. c4 Rhe8 20. Bf5 Kc7
1/2-1/2

[Event "D-HS-MM Muenchen (LMU) 1-Muenster (Uni) 2"]
[Site "Augsburg"]
[Date "2010.10.09"]
[Round "6.1"]
[White "Wolffgang, Georg"]
[Black "Koepke, Christian"]
[Result "0-1"]
[WhiteElo "1793"]
[BlackElo "2351"]
[PlyCount "40"]
[EventDate "2010.10.06"]

1. f4 Nh6 2. Nf3 g6 3. g3 d5 4. Bg2 Bg7 5. O-O O-O 6. d3 d4 7. e4 dxe3 8. c3
Na6 9. Bxe3 c5 10. d4 Ng4 11. Bc1 Qb6 12. h3 Nf6 13. Na3 Be6 14. Qd3 Bd5 15.
Rd1 cxd4 16. Qxd4 Qc7 17. Qe5 Rfd8 18. Be3 Qc8 19. Bf2 Ne4 20. Qxe7 Bf6 0-1

[Event "D-HS-MM Muenchen (LMU) 1-Muenster (Uni) 2"]
[Site "Augsburg"]
[Date "2010.10.09"]
[Round "6.2"]
[White "Levushkina, Elena"]
[Black "Zarubin, Ilja"]
[Result "1-0"]
[WhiteElo "2280"]
[BlackElo "1743"]
[PlyCount "59"]
[EventDate "2010.10.06"]

1. e4 d6 2. d4 Nf6 3. Nc3 g6 4. f4 Bg7 5. Nf3 c5 6. Bb5+ Bd7 7. e5 Ng4 8. Bxd7+
Qxd7 9. d5 dxe5 10. h3 e4 11. Nxe4 Nf6 12. Nxf6+ Bxf6 13. O-O O-O 14. Be3 Qc7
15. f5 Nd7 16. Bh6 Bg7 17. Bxg7 Kxg7 18. c4 Ne5 19. Qe2 Nxf3+ 20. Rxf3 Rfe8 21.
Raf1 f6 22. Re3 Rad8 23. Re1 Kf7 24. Qg4 b5 25. b3 bxc4 26. bxc4 Rb8 27. h4 a5
28. fxg6+ hxg6 29. h5 g5 30. h6 1-0

[Event "D-HS-MM Muenchen (LMU) 1-Muenster (Uni) 2"]
[Site "Augsburg"]
[Date "2010.10.09"]
[Round "6.3"]
[White "Braun, Oskar"]
[Black "Monninger, Moritz"]
[Result "0-1"]
[WhiteElo "1717"]
[BlackElo "2036"]
[PlyCount "78"]
[EventDate "2010.10.06"]

1. d4 d5 2. c4 e6 3. Nc3 Nf6 4. cxd5 exd5 5. Bg5 Be7 6. e3 c6 7. Bd3 O-O 8.
Nge2 Nbd7 9. O-O Re8 10. Qc2 Nf8 11. Rfe1 Ng6 12. Rad1 Ne4 13. Bxe7 Qxe7 14. f3
Nxc3 15. Nxc3 Qg5 16. Qf2 Bd7 17. Bf1 Rad8 18. b4 Re7 19. Kh1 Rde8 20. e4 dxe4
21. fxe4 a5 22. a3 h5 23. e5 axb4 24. Ne4 Qf4 25. Qxf4 Nxf4 26. Nd6 Ra8 27.
axb4 Ra2 28. Ra1 Rd2 29. Red1 Rxd1 30. Rxd1 Be6 31. Kg1 b5 32. Rc1 Bd5 33. Nf5
Ra7 34. Ne3 Be4 35. g3 Ne6 36. d5 cxd5 37. Bxb5 Nd4 38. Bf1 Ra2 39. Bg2 Ne2+
0-1

[Event "D-HS-MM Muenchen (LMU) 1-Muenster (Uni) 2"]
[Site "Augsburg"]
[Date "2010.10.09"]
[Round "6.4"]
[White "Meier, Desiderius"]
[Black "Stumpe, Danny"]
[Result "1-0"]
[WhiteElo "1973"]
[BlackElo "1461"]
[PlyCount "43"]
[EventDate "2010.10.06"]

1. e4 g6 2. d4 d6 3. b3 Nd7 4. Bb2 Bg7 5. Bd3 c6 6. Ne2 Qc7 7. O-O Ngf6 8. c4
e5 9. f4 exd4 10. Bxd4 O-O 11. h3 Re8 12. Nbc3 Nf8 13. f5 c5 14. Bxf6 Bxf6 15.
Nd5 Qd8 16. fxg6 Nd7 17. gxf7+ Kxf7 18. Nxf6 Nxf6 19. Nf4 Kg8 20. Qf3 Re7 21.
Rae1 Nd7 22. Ne6 1-0